[Event "JPN-ch"]
[Site "Tokyo"]
[Date "2018.05.01"]
[Round "6"]
[White "Aoki, Yasuhiro"]
[Black "Kojima, Natsumi"]
[Result "0-1"]
[WhiteElo "1813"]
[BlackElo "1635"]
[PlyCount "70"]
[EventDate "2018.04.29"]
[EventType "swiss"]
[EventRounds "11"]
[EventCountry "JPN"]
[SourceTitle "CBM 184 Extra"]
[Source "ChessBase"]
[SourceDate "2018.06.28"]
[SourceVersion "1"]
[SourceVersionDate "2018.06.28"]
[SourceQuality "1"]

1. c4 Nf6 2. Nc3 d5 3. cxd5 Nxd5 4. g3 g6 5. Bg2 Nxc3 6. bxc3 Bg7 7. Nf3 Nd7 8. 0-0 0-0 9. Qc2 c5 10. Bb2 Qc7 11. c4 e5 12. d3 Rb8 13. a4 b6 14. Bc3 a5 15. Nd2 f5 16. f4 Re8 17. e4 fxe4 18. dxe4 exf4 19. Bxg7 Kxg7 20. gxf4 Nf6 21. e5 Nh5 22. Qc3 Be6 23. Bd5 Qd7 24. Bxe6 Qxe6 25. Rf3 Qg4+ 26. Kh1 Nxf4 27. e6+ Kg8 28. Rxf4 Qxf4 29. Rf1 Qd4 30. Qh3 Qxd2 31. Rf7 Qe1+ 32. Kg2 h5 33. Rf6 Qd2+ 34. Kh1 Qc1+ 35. Rf1 Qxc4 0-1